| 000 | 00832cab a2200265 4500 | ||
|---|---|---|---|
| 001 | ABS53607 | ||
| 008 | 090401t1995 xxu||||| |||| 00| 0 eng d | ||
| 035 | _a(Sirsi) u5318 | ||
| 041 | _aeng | ||
| 100 | _aKoehne, S. | ||
| 245 | _aTenants caught out on expiries | ||
| 260 | _c1995 | ||
| 350 | _a0 | ||
| 490 |
_aEstates Times _v(1296) 29 September 1995, 8(1) |
||
| 520 | _aDiscusses the case "Esselte AB v Pearl Assurance Plc" (Abs*****) which examined when a tenant must serve a section 27 notice to terminate his tenancy. | ||
| 650 | _aBUSINESS TENANCIES | ||
| 650 | _aLANDLORD AND TENANT ACT 1954 S27 | ||
| 650 | _aSECTION 27 NOTICES | ||
| 650 | _aSUBLEASE | ||
| 650 | _aSUBUNDERLEASE | ||
| 650 | _aTERMINATION OF TENANCY | ||
| 690 | _aLANDLORD AND TENANT-BUSINESS TENANCIES | ||
| 942 | _n0 | ||
| 948 | _c04/03/1997 | ||
| 999 |
_c3166 _d3166 |
||